00375nam a22001097a 450000500170000002000180001708200170003510000350005224501090008726000510019630000180024720250829155444.0 a9789383968398 a323.44 HAS/W a Hasan , Zoya and Jha, Avishek aWhen people rise in protest:bmobilizing for equal citizenship in India/cby Zoya Hasan and Avishek Jha a. -Haryanab: Three estate collectivesc, 2024 avii+228 pages